| 000 | 01834cam a22004817a 4500 | ||
|---|---|---|---|
| 003 | CHAP | ||
| 005 | 20220329142808.0 | ||
| 008 | 031030s2003 mx ad r 00010 spa d | ||
| 010 | _a87859 | ||
| 011 | _a88831 | ||
| 035 | _a99376 | ||
| 040 | _cCHAP | ||
| 090 | _aTesis | ||
| 100 | 0 | 0 |
_aBalderas Rodríguez, Francisco. _99650 |
| 245 | 1 | 0 |
_aUso de Cycocel y Paclobutrazol en la producción de jitomate (Lycopersicon esculentum Mill.) en doseles escaleriformes bajo invernadero _c/por Francisco Balderas Rodríguez |
| 260 |
_aChapingo, Méx. : _bEl autor, _c2003 |
||
| 300 |
_a88 h. : _bilus. ; cuadros |
||
| 502 | _aTesis (M. C. en Horticultura) -- UACH. Departamento de Fitotecnia | ||
| 530 | _aTambién disponible en línea | ||
| 590 |
_aALEPH _b10 _c20130110 _lUCH01 _h1456 |
||
| 590 |
_aBATCH-UPD _b10 _c20130110 _lUCH01 _h0519 |
||
| 590 |
_aBATCH-UPD _b10 _c20130111 _lUCH01 _h0001 |
||
| 590 |
_aBATCH-UPD _b10 _c20130410 _lUCH01 _h0158 |
||
| 590 |
_aBATCH-UPD _b10 _c20130914 _lUCH01 _h0526 |
||
| 590 |
_aBATCH-UPD _b10 _c20140324 _lUCH01 _h1441 |
||
| 590 |
_aBATCH-UPD _b10 _c20141002 _lUCH01 _h0820 |
||
| 590 |
_aBATCH _b00 _c20181121 _lUCH01 _h0758 |
||
| 590 |
_aCONVERSION _b10 _c20130109 _lUCH01 _h1349 |
||
| 650 | 1 | 4 |
_aChlormequat. _922641 |
| 650 | 1 | 4 |
_aCultivos en invernadero. _930376 |
| 650 | 1 | 4 |
_aHidroponía. _955280 |
| 650 | 1 | 4 |
_aPaclobutrazol. _984624 |
| 650 | 1 | 4 |
_aPlantas _xCrecimiento _xAditivos. _988804 |
| 650 | 1 | 4 |
_aTomate _xCrecimiento. _9113702 |
| 650 | 1 | 4 |
_aTomate _xRendimiento. _9113761 |
| 856 |
_3Finding aid _uhttp://10.13.5.2/tesis/99376.pdf _zTeclea aqui |
||
| 856 |
_a1 _n0000705 |
||
| 901 | _aBK | ||
| 905 | _aMarco A. Mendoza T. | ||
| 942 | _cFOLL | ||
| 949 |
_aTesis _bBC _cTES _d33724000893061 _eTS2 _fc.2 _gDonaciØn _h41519 _i99376 _si |
||
| 949 |
_aTesis _bBC _cTES _d993761 _eTS1 _gDonaciØn _h41518 _i99376 _sb |
||
| 999 |
_c87859 _d87859 |
||